000
00264nam a2200097Ia 4500
082
_a
823.92 NYAT
245
0
_a
The polygamist
100
_a
Nyathi, Sue Cape Town, South Africa, 2012
_9
96497
942
_c
BK
008
210817s9999 xx 000 0 und d
999
_c
405649
_d
405648